A comprehensive guide to essays : (Record no. 170114)

MARC details
000 -LEADER
fixed length control field 00700nam a22001937a 4500
005 - DATE AND TIME OF LATEST TRANSACTION
control field 20191211111805.0
010 ## - LCCN (DPL NO)
LC control number B-731125
020 ## - INTERNATIONAL STANDARD BOOK NUMBER
International Standard Book Number 8189687177
Terms of availability 895.00
035 ## - SYSTEM CONTROL NUMBER
System control number B-731125
037 ## - SOURCE OF ACQUISITION
Stock number dpl
Source of stock number/acquisition Shabd Sagar
082 ## - DEWEY DECIMAL CLASSIFICATION NUMBER
Classification number 808.84
100 ## - MAIN ENTRY--PERSONAL NAME
Personal name Jain, Manish
245 ## - TITLE STATEMENT
Title A comprehensive guide to essays :
Remainder of title for upper and secondary school level /
Statement of responsibility, etc by Manish Jain
260 ## - PUBLICATION, DISTRIBUTION, ETC. (IMPRINT)
Place of publication, distribution, etc Delhi
Name of publisher, distributor, etc Shabd Sagar
Date of publication, distribution, etc 2018
270 ## - ADDRESS
Address 430, First Floor, Maharam Mohalla
City Delhi
Postal code 110032
300 ## - PHYSICAL DESCRIPTION
Extent 560p.:
Dimensions 25cm(Hb)
942 ## - ADDED ENTRY ELEMENTS (KOHA)
Source of classification or shelving scheme Dewey Decimal Classification
Item type English Books
Call number suffix JAI
Classification part 808.84
Holdings
Withdrawn status Lost status Not for loan Collection code Home library Current library Date acquired Source of acquisition Cost, normal purchase price Full call number Barcode Copy number Cost, replacement price Koha item type
      Non-fiction Kadipur Kadipur 11/12/2019 Gift/Eng./13.11.2019 895.00 808.84 JAI B-731125 1 895.00 English Books

© Delhi Public Library
Hit Counter
free hit counter